[Event "Steyr Landesliga 1314"]
[Site "Austria"]
[Date "2013.10.19"]
[Round "2.1"]
[White "Wittmann, Walter"]
[Black "Fahrner, Kurt"]
[Result "1-0"]
[WhiteElo "2216"]
[BlackElo "2370"]
[PlyCount "80"]
[EventDate "2013.09.28"]
[EventType "team-tourn"]
[EventRounds "11"]
[EventCountry "AUT"]
[SourceTitle "EXT 2015"]
[Source "ChessBase"]
[SourceDate "2014.11.20"]
[SourceVersion "1"]
[SourceVersionDate "2014.11.20"]
[SourceQuality "1"]
[WhiteTeam "Graz Styria"]
[BlackTeam "Graz Austria"]
[WhiteTeamCountry "AUT"]
[BlackTeamCountry "AUT"]

1. e4 e5 2. Nf3 Nc6 3. Bb5 a6 4. Bxc6 dxc6 5. 0-0 Qd6 6. Na3 Be6 7. Qe2 f6 8. Rd1 c5 9. c3 Bg4 10. Nc2 Ne7 11. d4 cxd4 12. cxd4 Nc6 13. Be3 Be7 14. h3 Bxf3 15. Qxf3 0-0 16. Rac1 Rac8 17. Qg4 Rfd8 18. d5 Nb8 19. Bh6 Bf8 20. Bd2 Qd7 21. Qg3 Qa4 22. Qg4 Qxa2 23. f4 exf4 24. Nd4 Nd7 25. Bxf4 Qa4 26. Nf5 g6 27. Bxc7 Ne5 28. Bxe5 Rxc1 29. Rxc1 fxe5 30. Rc7 Kh8 31. Qg5 Qe8 32. Qf6+ Kg8 33. Ne7+ Bxe7 34. Rxe7 Qf8 35. Qe6+ Kh8 36. Qxe5+ Kg8 37. Qe6+ Kh8 38. Rf7 Qc5+ 39. Kh2 Qd4 40. e5 Qxd5 1-0

[Event "AUT-chT2M 1314"]
[Site "Austria"]
[Date "2013.10.05"]
[Round "2.3"]
[White "Pesorda, Ivan"]
[Black "Wittmann, Walter"]
[Result "1-0"]
[WhiteElo "2237"]
[BlackElo "2216"]
[PlyCount "49"]
[EventDate "2013.10.04"]
[EventType "team-tourn"]
[EventRounds "11"]
[EventCountry "AUT"]
[SourceTitle "CBM 156 Extra"]
[Source "ChessBase"]
[SourceDate "2013.10.22"]
[SourceVersion "1"]
[SourceVersionDate "2013.10.22"]
[SourceQuality "1"]
[WhiteTeam "Graz Strassenbahn"]
[BlackTeam "Graz Styria"]
[WhiteTeamCountry "AUT"]
[BlackTeamCountry "AUT"]

1. d4 d5 2. c4 e6 3. Nc3 Nf6 4. cxd5 Nxd5 5. e4 Nxc3 6. bxc3 c5 7. Nf3 cxd4 8. cxd4 Bb4+ 9. Bd2 Bxd2+ 10. Qxd2 0-0 11. Bc4 Nd7 12. 0-0 b6 13. Rad1 Bb7 14. Rfe1 Rc8 15. Bb3 Qe7 16. Qf4 Qb4 17. h4 h6 18. Re3 Nf6 19. g4 Rc3 20. Rde1 Rfc8 21. g5 Rxe3 22. Rxe3 Nh5 23. Qg4 Rc1+ 24. Kg2 g6 25. Bxe6 1-0

[Event "Pardubice Czech op-A 24th"]
[Site "Pardubice"]
[Date "2013.07.27"]
[Round "9"]
[White "Druska, Juraj"]
[Black "Wittmann, Walter"]
[Result "1-0"]
[WhiteElo "2385"]
[BlackElo "2224"]
[PlyCount "53"]
[EventDate "2013.07.19"]
[EventType "swiss"]
[EventRounds "9"]
[EventCountry "CZE"]
[SourceTitle "CBM 155 Extra"]
[Source "ChessBase"]
[SourceDate "2013.08.26"]
[SourceVersion "1"]
[SourceVersionDate "2013.08.26"]
[SourceQuality "1"]

1. e4 c5 2. d3 Nc6 3. Nf3 g6 4. g3 Bg7 5. Bg2 d6 6. 0-0 Bg4 7. h3 Bxf3 8. Bxf3 Nf6 9. Bg2 Nd7 10. Nc3 Rb8 11. a4 a6 12. Nd5 e6 13. Ne3 b5 14. axb5 axb5 15. c3 Qb6 16. h4 h5 17. f4 Ne7 18. f5 Be5 19. fxe6 fxe6 20. Bh3 d5 21. exd5 exd5 22. Qe2 Qd6 23. Ng2 Nf6 24. Re1 Bxg3 25. Ra6 Qc7 26. Rxf6 Bxe1 27. Bf4 1-0

[Event "Pardubice Czech op-A 24th"]
[Site "Pardubice"]
[Date "2013.07.19"]
[Round "1"]
[White "Sundararajan, Kidambi"]
[Black "Wittmann, Walter"]
[Result "1-0"]
[WhiteElo "2435"]
[BlackElo "2224"]
[PlyCount "67"]
[EventDate "2013.07.19"]
[EventType "swiss"]
[EventRounds "9"]
[EventCountry "CZE"]
[SourceTitle "CBM 155 Extra"]
[Source "ChessBase"]
[SourceDate "2013.08.26"]
[SourceVersion "1"]
[SourceVersionDate "2013.08.26"]
[SourceQuality "1"]

1. c4 c5 2. g3 Nc6 3. Bg2 g6 4. Nc3 Bg7 5. Nf3 e6 6. d3 Nge7 7. Bg5 h6 8. Bd2 0-0 9. 0-0 b6 10. a3 Bb7 11. Rb1 a5 12. Nb5 d5 13. cxd5 Nxd5 14. Qc1 Kh7 15. e4 Nde7 16. b4 axb4 17. axb4 Nxb4 18. Bxb4 cxb4 19. Rxb4 Nc6 20. Rb1 Na7 21. Nxa7 Rxa7 22. Rd1 Ra2 23. Qe3 Ra6 24. d4 Qa8 25. Ne5 Ra3 26. Qf4 g5 27. Qg4 f5 28. Qh5 Bxe4 29. Bxe4 Qxe4 30. Qg6+ Kh8 31. Nf7+ Rxf7 32. Qxf7 Ra2 33. Rbc1 f4 34. Rc7 1-0

[Event "Styrian op-A"]
[Site "Bad Gleichenberg"]
[Date "2013.07.14"]
[Round "9"]
[White "Hofmann, Thomas"]
[Black "Wittmann, Walter"]
[Result "1/2-1/2"]
[WhiteElo "2125"]
[BlackElo "2224"]
[PlyCount "20"]
[EventDate "2013.07.06"]
[EventType "swiss"]
[EventRounds "9"]
[EventCountry "AUT"]
[SourceTitle "CBM 155 Extra"]
[Source "ChessBase"]
[SourceDate "2013.08.26"]
[SourceVersion "1"]
[SourceVersionDate "2013.08.26"]
[SourceQuality "1"]

1. e4 c5 2. Nf3 Nc6 3. d4 cxd4 4. Nxd4 Nf6 5. Nc3 d6 6. Bg5 Bd7 7. Qd2 Rc8 8. Nxc6 bxc6 9. Bc4 Qa5 10. 0-0-0 h6 1/2-1/2